000 00389nam a22001337a 4500
020 _a9789694680231
040 _cNUST
082 _a398 095491 FOL
100 _aFouzia Saeed
_988379
245 _aFolk Heritage of Pakistan : Glimpses into A Diverse Culture
260 _aIslamabad;
_bLok Virsa,
_c2018.
650 _aPakistan -- Civilization -- Pictorial works.
_988494
942 _2ddc
_cBK
999 _c587607
_d587607